| 000 | 01064nam a22002537a 4500 | ||
|---|---|---|---|
| 005 | 20240530110630.0 | ||
| 008 | 170117s2015 ua ak g b 000 0 ara d | ||
| 017 |
_a2014/9871 _bمصر. دار الكتب |
||
| 020 | _a9789774384504 | ||
| 040 |
_aEG-CaGPL _cEG-CaGPL |
||
| 082 | 0 | 4 |
_221 _a155.234\ _bج أ |
| 100 | 0 | _aجنار عبدالقادر احمد الجبارى | |
| 245 | 1 | 0 |
_aانماط الشخصية وفق نظرية الانيكرام و علاقتها بالعبء المعرفى و تمايز الذات / _cجنار عبدالقادر احمد الجبارى |
| 260 |
_aالاسكندرية : _bالمكتب الجامعى الحديث ، _c2015 |
||
| 300 |
_a220 ص. : _bايض ؛ _c24 سم. |
||
| 504 | _aيشتمل على ارجاعات ببليوجرافية | ||
| 650 | 0 | 7 |
_2qrmak _aالشخصية |
| 650 | 0 | 7 |
_2qrmak _aالسلوك الاجتماعى |
| 650 | 0 | 7 |
_2qrmak _aالشخصية _xتقييم |
| 650 | 0 | 7 |
_2qrmak _aالانا و الذات |
| 651 | _2qrmak | ||
| 942 |
_2ddc _cBK |
||
| 999 |
_c63233 _d63233 |
||